Fuentes de datos demográficos (Registro nro. 33364)
[ vista simple ]
| 000 -LEADER | |
|---|---|
| fixed length control field | 00355 a2200121 4500 |
| 001 - CONTROL NUMBER | |
| control field | ART_44805 |
| 005 - DATE AND TIME OF LATEST TRANSACTION | |
| control field | 20260410162024.0 |
| 008 - FIXED-LENGTH DATA ELEMENTS--GENERAL INFORMATION | |
| fixed length control field | 260409a |
| 100 1# - MAIN ENTRY--PERSONAL NAME | |
| Personal name | Ruiz, Magda |
| 245 10 - TITLE STATEMENT | |
| Title | Fuentes de datos demográficos |
| 700 1# - ADDED ENTRY--PERSONAL NAME | |
| Personal name | Popolo, Fabiana del |
| 773 0# - HOST ITEM ENTRY | |
| Title | Notas de población |
| Related parts | - Año XXXVI, Nº 89 (jul./dic. 2009) |
| Record control number | REV41841 |
No hay ítems disponibles.